| 000 | 00947cam a22002651a 4500 | ||
|---|---|---|---|
| 001 | e 30000172 | ||
| 003 | DLC | ||
| 005 | 20260227111220.0 | ||
| 008 | 830209s1930 dcu b f000 0 eng c | ||
| 010 | _ae 30000172 | ||
| 035 | _a(OCoLC)9207127 | ||
| 040 |
_aU.S. Off. of Educ. Library _cABAU _dABAU _dDLC |
||
| 050 | 0 | 0 |
_aL111 _b.A6 1930, no. 8 |
| 051 |
_aLA212 _b.K4 |
||
| 082 | _a370.6173 | ||
| 100 | 1 |
_aKeesecker, Ward W. _q(Ward Wilbur), _d1898- |
|
| 245 | 1 | 0 |
_aDigest of legislation providing federal subsidies for education / _cby Ward W. Keesecker. |
| 260 |
_aWashington : _bU.S. G.P.O., _c1930. |
||
| 300 |
_av, 52 p. ; _c23 cm. |
||
| 490 | 0 |
_aBulletin / United States Department of the Interior, Office of Education ; _v1930, no. 8 |
|
| 504 | _aBibliography: p. 42-52. | ||
| 650 | 0 |
_aEducational law and legislation _zUnited States. |
|
| 650 | 0 |
_aEducation and state _zUnited States. |
|
| 650 | 0 |
_aEducation _zUnited States _xFinance. |
|
| 999 |
_c21033 _d21033 |
||